| 000 | 00749nam a2200229 a 4500 | ||
|---|---|---|---|
| 001 | 711 | ||
| 003 | BR-CuiBMT | ||
| 005 | 20231114140316.0 | ||
| 008 | 231114s2012 spb 000 0 por d | ||
| 020 | _a9788502143302 | ||
| 040 |
_aBR-CuiBMT _cBR-CuiBMT |
||
| 080 |
_22007 _a347 _x(81)(094.5) |
||
| 090 |
_a347(81)(094.5) _bD585l _c17. ed. |
||
| 100 | 1 |
_aDiniz, Maria Helena _d1956- |
|
| 245 | 1 | 0 |
_aLei de introdução às normas do direito brasileiro interpretada : _bde acordo com a lei n. 12.376, de 30 de dezembro de 2010 / _cMaria Helena Diniz. |
| 250 | _a17. ed., rev. e atual. | ||
| 260 |
_aSão Paulo : _bSaraiva, _c2012 |
||
| 300 |
_a487 p. ; _c21 cm |
||
| 504 | _aInclui bibliografia. | ||
| 650 |
_aDireito civil _zBrasil |
||
| 942 |
_2udc _cLV |
||
| 999 |
_c711 _d711 |
||